00943nam a2200193 i 450000100060000000300090000600500170001500700030003200800410003510000380007624502460011426000710036030000380043149000850046961000450055465100470059983000810064685200220072730468ES-MaACL20250815022956.0t|151013s1928 sp ||||1| spa d1 aRubio y Moreno, Luis, d1869-193110aInventario general de registros cedularios del Archivo General de Indias de Sevilla : bpresentado por el autor en el Congreso de Historia y Geografía celebrado en 1921, siendo subjefe del Archivo General de Indias / cLuis Rubio y Moreno. aMadrid : bCompañía-Iberoamericana de Publicaciones, c[1928?] a431., [8] h. de lám. ; c25 cm.1 aColección de documentos inéditos para la historia de Hispano-América ; v524aArchivo General de Indias-xCatálogos. 4aAmérica española-xHistoria-vFuentes.10aColección de documentos inéditos para la historia de Hispanoaméricav54 aES-MaACLjC-12702